000 01302nam a2200313Ia 4500
001 ebr10052780
003 CaPaEBR
006 m u
007 cr cn|||||||||
008 000815s2003 enk s 000 0 eng d
020 _z0861768353
040 _aCaPaEBR
_cCaPaEBR
035 _a(OCoLC)70747159
050 1 4 _aHF5415.2
_b.I77 2003eb
245 0 0 _aIssues of representation and qualitative marketing research
_h[electronic resource] /
_cGuest editors Pauline Maclaran, Miriam Catterall and Lorna Stevens.
260 _aBradford, England :
_bEmerald Group Publishing,
_cc2003.
300 _a62 p.
490 1 _aQualitative Marketing Research. No.3 ;
_vVol. 6
533 _aElectronic reproduction.
_bPalo Alto, Calif. :
_cebrary,
_d2009.
_nAvailable via World Wide Web.
_nAccess may be limited to ebrary affiliated libraries.
650 0 _aMarketing research
_xMethodology.
650 0 _aConsumers
_xResearch
_xMethodology.
655 7 _aElectronic books.
_2local
700 1 _aMaclaran, Pauline.
700 1 _aCatterall, Miriam.
700 1 _aStevens, Lorna.
710 2 _aebrary, Inc.
830 0 _aQualitative Marketing Research.
_nNo.3 ;
_vv. 6.
856 4 0 _uhttp://site.ebrary.com/lib/rucke/Doc?id=10052780
_zAn electronic book accessible through the World Wide Web; click to view
999 _c65022
_d65022